[Event "NRW Class1 0910"]
[Site "Germany"]
[Date "2010.04.25"]
[Round "9.4"]
[White "Wigger, Rolf"]
[Black "Rieke, Theo"]
[Result "1/2-1/2"]
[WhiteElo "2124"]
[BlackElo "2165"]
[PlyCount "80"]
[EventDate "2009.09.20"]
[EventType "team-tourn"]
[EventRounds "9"]
[EventCountry "GER"]
[SourceTitle "EXT 2011"]
[Source "ChessBase"]
[SourceDate "2010.11.26"]
[SourceVersion "1"]
[SourceVersionDate "2010.11.26"]
[SourceQuality "1"]
[WhiteTeam "Rheydt"]
[BlackTeam "Neuenkirchen"]
[WhiteTeamCountry "GER"]
[BlackTeamCountry "GER"]

1. d4 g6 2. e4 Bg7 3. c3 d6 4. Bd3 Nf6 5. Bg5 h6 6. Bh4 0-0 7. Nf3 Nc6 8. Nbd2 e5 9. dxe5 Nxe5 10. Nxe5 dxe5 11. Qe2 Qe8 12. 0-0 Nh5 13. Bg3 Be6 14. Nf3 Nxg3 15. hxg3 Qc6 16. Rfd1 Rfd8 17. Qc2 Rd6 18. Be2 Rad8 19. b3 a5 20. Rxd6 Rxd6 21. Rd1 Qc5 22. Rxd6 cxd6 23. Bd3 Bf6 24. Nd2 b5 25. a4 bxa4 26. bxa4 Bd8 27. Bb5 Bb6 28. Nf1 Bc4 29. Bxc4 Qxc4 30. Ne3 Bxe3 31. fxe3 h5 32. Kf2 Kg7 33. Kg1 Kf6 34. Kf2 Ke6 35. Kg1 d5 36. exd5+ Kxd5 37. e4+ Qxe4 38. Qb3+ Qc4 39. Qb7+ Kd6 40. Qb6+ Kd5 1/2-1/2

[Event "Leverkusen-ch op 14th"]
[Site "Leverkusen"]
[Date "2002.04.29"]
[Round "9"]
[White "Reinemer, Frank"]
[Black "Wigger, Rolf"]
[Result "1-0"]
[WhiteElo "2093"]
[BlackElo "2089"]
[PlyCount "119"]
[EventDate "2002.01.14"]
[EventType "swiss"]
[EventRounds "9"]
[EventCountry "GER"]
[SourceTitle "EXT 2004"]
[Source "ChessBase"]
[SourceDate "2003.11.25"]
[SourceVersion "1"]
[SourceVersionDate "2003.11.25"]
[SourceQuality "1"]

1. d4 d5 2. c4 Nc6 3. Bg5 h6 4. Bh4 Nf6 5. Nc3 dxc4 6. e3 e6 7. Bxc4 Be7 8. Nf3 0-0 9. 0-0 a6 10. a4 b6 11. Qe2 Bb7 12. Rad1 Nb4 13. e4 Nh5 14. Bxe7 Qxe7 15. Ne5 Nf6 16. f4 Nd7 17. Nxd7 Qxd7 18. f5 exf5 19. Rxf5 Rae8 20. Qf3 Re7 21. Kh1 Kh8 22. Qf4 Qd6 23. Qxd6 cxd6 24. Nd5 Nxd5 25. Bxd5 Bxd5 26. Rxd5 Rd8 27. e5 Red7 28. exd6 Rxd6 29. Rxd6 Rxd6 30. Kg1 Kh7 31. Kf2 Kg6 32. Ke3 Kf5 33. Rc1 Ke6 34. Rc7 Rd7 35. Rc6+ Rd6 36. Rc7 g6 37. b4 f5 38. Kd3 Rd7 39. Rc6+ Rd6 40. Rc8 Kd5 41. h4 Rf6 42. Rh8 g5 43. hxg5 hxg5 44. Ra8 b5 45. axb5 axb5 46. Rc8 Rb6 47. Re8 Rf6 48. Rc8 Rb6 49. Rf8 Ke6 50. Rg8 Kf6 51. d5 Ke5 52. Rxg5 Rd6 53. g4 Kxd5 54. Rxf5+ Kc6+ 55. Ke4 Rd1 56. Rc5+ Kb6 57. Rd5 Rb1 58. Rd4 Rg1 59. Kf5 Kc6 60. g5 1-0

[Event "Leverkusen-ch op 14th"]
[Site "Leverkusen"]
[Date "2002.04.08"]
[Round "7"]
[White "Lommen, Frank"]
[Black "Wigger, Rolf"]
[Result "1/2-1/2"]
[WhiteElo "2010"]
[BlackElo "2089"]
[PlyCount "34"]
[EventDate "2002.01.14"]
[EventType "swiss"]
[EventRounds "9"]
[EventCountry "GER"]
[SourceTitle "EXT 2004"]
[Source "ChessBase"]
[SourceDate "2003.11.25"]
[SourceVersion "1"]
[SourceVersionDate "2003.11.25"]
[SourceQuality "1"]

1. e4 c6 2. c4 d5 3. cxd5 cxd5 4. exd5 Nf6 5. Nc3 g6 6. Bc4 Bg7 7. Qb3 0-0 8. Nf3 Nbd7 9. d3 Nc5 10. Qa3 b6 11. Be3 Nb7 12. 0-0 Nd6 13. Qb3 Bb7 14. a4 Rc8 15. Rac1 Nd7 16. Rfe1 Nc5 17. Qd1 a5 1/2-1/2

[Event "Leverkusen-ch op 14th"]
[Site "Leverkusen"]
[Date "2002.02.04"]
[Round "3"]
[White "Gnass, Arno"]
[Black "Wigger, Rolf"]
[Result "0-1"]
[WhiteElo "1728"]
[BlackElo "2089"]
[PlyCount "82"]
[EventDate "2002.01.14"]
[EventType "swiss"]
[EventRounds "9"]
[EventCountry "GER"]
[SourceTitle "EXT 2004"]
[Source "ChessBase"]
[SourceDate "2003.11.25"]
[SourceVersion "1"]
[SourceVersionDate "2003.11.25"]
[SourceQuality "1"]

1. d4 d5 2. Nf3 Nc6 3. g3 Bg4 4. Bg2 e6 5. 0-0 Nf6 6. b3 Be7 7. Bb2 0-0 8. Nbd2 h6 9. c4 Bf5 10. Rc1 Ne4 11. Ne5 Nxe5 12. dxe5 Nxd2 13. Qxd2 dxc4 14. Qxd8 Raxd8 15. Rxc4 c6 16. e4 Bg6 17. Rc2 Rd3 18. Rfc1 Rfd8 19. h4 Bh5 20. Kh2 Bd1 21. Rc4 Rd2 22. Rb1 Rxf2 23. Bd4 Rd2 24. Bxa7 Bf3 25. Rg1 Rxa2 26. Be3 Rd3 27. Bf4 g5 28. hxg5 hxg5 29. Bc1 Rxb3 30. Kh1 c5 31. Bxf3 Rxf3 32. Rg2 Ra1 33. Kh2 Rf1 34. Rgc2 b5 35. R4c3 g4 36. Be3 c4 37. Bd4 Rad1 38. Be3 Bb4 39. Kg2 Bxc3 40. Rxc3 Rf3 41. Ra3 Kg7 0-1

[Event "Cologne-ch 49th"]
[Site "Cologne"]
[Date "2000.11.04"]
[Round "7"]
[White "Pick, Stefan"]
[Black "Wigger, Rolf"]
[Result "0-1"]
[WhiteElo "2032"]
[BlackElo "2135"]
[PlyCount "80"]
[EventDate "2000.07.10"]
[EventType "swiss"]
[EventRounds "9"]
[EventCountry "GER"]
[SourceTitle "EXT 2002"]
[Source "ChessBase"]
[SourceDate "2001.11.25"]
[SourceVersion "1"]
[SourceVersionDate "2001.11.25"]
[SourceQuality "1"]

1. d4 d5 2. Nf3 Nc6 3. c3 Bg4 4. Bf4 e6 5. Nbd2 Bd6 6. Bxd6 cxd6 7. Qb3 Rb8 8. e3 Nf6 9. Bd3 0-0 10. h3 Bh5 11. 0-0 e5 12. Nh2 e4 13. Bc2 Be2 14. Rfe1 Ba6 15. Rac1 b5 16. a3 Na5 17. Qa2 Qb6 18. b4 Nc6 19. Bb3 Ne7 20. Ng4 Nxg4 21. hxg4 Bb7 22. f3 Kh8 23. f4 a5 24. Kf2 Rfc8 25. Rh1 g6 26. Rh3 Kg7 27. Qb2 Rh8 28. g5 h5 29. gxh6+ Rxh6 30. Rxh6 Kxh6 31. c4 axb4 32. cxd5 bxa3 33. Qxa3 f5 34. Qa2 Ra8 35. Qb1 Nxd5 36. Bxd5 Bxd5 37. g4 Ra2 38. Kg3 Kg7 39. Nb3 Ra3 40. Nd2 Rxe3+ 0-1

[Event "Leverkusen-ch op 07th"]
[Site "Leverkusen"]
[Date "1995.??.??"]
[Round "6"]
[White "Epding, Volker"]
[Black "Wigger, Rolf"]
[Result "1-0"]
[WhiteElo "2105"]
[BlackElo "2120"]
[PlyCount "77"]
[EventDate "1995.01.13"]
[EventType "swiss"]
[EventRounds "9"]
[EventCountry "GER"]
[SourceTitle "EXT 2006"]
[Source "ChessBase"]
[SourceDate "2005.11.24"]
[SourceVersion "1"]
[SourceVersionDate "2005.11.24"]
[SourceQuality "1"]

1. d4 Nf6 2. c4 e5 3. dxe5 Ne4 4. Nf3 Nc6 5. a3 a5 6. Qc2 d5 7. e3 Be6 8. Be2 g5 9. h3 h5 10. Nbd2 Nxd2 11. Bxd2 Bg7 12. cxd5 Qxd5 13. e4 Qb3 14. Qxb3 Bxb3 15. Bb5 0-0 16. Bxc6 bxc6 17. Bc3 Rfe8 18. 0-0 g4 19. hxg4 hxg4 20. Nd2 Bc2 21. f4 gxf3 22. gxf3 Bxe5 23. Bxe5 Rxe5 24. Rfc1 Rg5+ 25. Kf2 Ba4 26. b3 Rd8 27. Ra2 Bb5 28. a4 Bd3 29. Rxc6 Rd7 30. Nc4 Kf8 31. Ke3 Ke8 32. Kf4 Rh5 33. Ne5 Rd4 34. Rd2 Rxe5 35. Kxe5 Bxe4 36. Rxd4 Bxc6 37. f4 Ke7 38. Rc4 Kd7 39. Rc5 1-0

[Event "Leverkusen-ch op 07th"]
[Site "Leverkusen"]
[Date "1995.??.??"]
[Round "4"]
[White "Kies, Werner"]
[Black "Wigger, Rolf"]
[Result "0-1"]
[WhiteElo "2015"]
[BlackElo "2120"]
[PlyCount "64"]
[EventDate "1995.01.13"]
[EventType "swiss"]
[EventRounds "9"]
[EventCountry "GER"]
[SourceTitle "EXT 2006"]
[Source "ChessBase"]
[SourceDate "2005.11.24"]
[SourceVersion "1"]
[SourceVersionDate "2005.11.24"]
[SourceQuality "1"]

1. f4 d5 2. Nf3 Nf6 3. g3 Bg4 4. Bg2 Bxf3 5. Bxf3 c6 6. b3 g6 7. Bb2 Bg7 8. e3 Nbd7 9. d3 Qc7 10. Nd2 0-0 11. 0-0 e5 12. Bg2 exf4 13. exf4 Rfe8 14. Rb1 Re7 15. h3 Nh5 16. Bxg7 Kxg7 17. Kh2 Re3 18. Rf3 Re7 19. c4 Rae8 20. Qg1 Re2 21. Rf2 R2e3 22. Rf3 Qb6 23. b4 Re2 24. c5 Qa6 25. Qd4+ Kg8 26. Rb2 Ng7 27. g4 Ne6 28. Qc3 Nc7 29. d4 Nf6 30. Kg3 Rxd2 31. Qc1 Rxb2 32. Qxb2 Qe2 0-1

[Event "Leverkusen-ch op 07th"]
[Site "Leverkusen"]
[Date "1995.??.??"]
[Round "7"]
[White "Reinemer, Frank"]
[Black "Wigger, Rolf"]
[Result "1/2-1/2"]
[WhiteElo "2260"]
[BlackElo "2120"]
[PlyCount "120"]
[EventDate "1995.01.13"]
[EventType "swiss"]
[EventRounds "9"]
[EventCountry "GER"]
[SourceTitle "EXT 2006"]
[Source "ChessBase"]
[SourceDate "2005.11.24"]
[SourceVersion "1"]
[SourceVersionDate "2005.11.24"]
[SourceQuality "1"]

1. d4 d5 2. c4 e6 3. Nc3 c5 4. Nf3 cxd4 5. Nxd4 e5 6. Nf3 d4 7. Nd5 Nc6 8. e3 Nf6 9. exd4 Nxd5 10. cxd5 Qxd5 11. dxe5 Qxd1+ 12. Kxd1 Bg4 13. Bf4 Rd8+ 14. Kc1 Bc5 15. Bb5 Bxf2 16. Bxc6+ bxc6 17. Rd1 0-0 18. Rd6 f6 19. Rxd8 Rxd8 20. exf6 gxf6 21. a4 Bxf3 22. gxf3 Rd3 23. Ra3 Rxa3 24. bxa3 Bc5 25. Kb2 Kf7 26. Kb3 Ke6 27. Bc1 Kd5 28. Kc3 Bd6 29. h3 a6 30. Kd3 Be5 31. Bh6 f5 32. Bc1 Bd4 33. a5 Bf6 34. Bf4 Bb2 35. a4 Bf6 36. Bd2 c5 37. Be3 c4+ 38. Kc2 Bd4 39. Bd2 Be5 40. Be3 Bg3 41. Kd2 Bd6 42. Kc3 Bc5 43. Bg5 Bf2 44. Kd2 Bg3 45. Be3 h5 46. Bb6 Bd6 47. Kc3 Be5+ 48. Kc2 Bd4 49. Bd8 Ke5 50. Bb6 Kd5 51. Bd8 Be5 52. Bb6 Ke6 53. Kd2 Kf6 54. Bd8+ Ke6 55. Bb6 Bg3 56. Ke3 Kd5 57. Kd2 Be5 58. Kc2 Bd4 59. Bd8 Be5 60. Bb6 h4 1/2-1/2

[Event "Leverkusen-ch op 07th"]
[Site "Leverkusen"]
[Date "1995.??.??"]
[Round "5"]
[White "Wigger, Rolf"]
[Black "Kniest, Oliver"]
[Result "1/2-1/2"]
[WhiteElo "2120"]
[BlackElo "2165"]
[PlyCount "114"]
[EventDate "1995.01.13"]
[EventType "swiss"]
[EventRounds "9"]
[EventCountry "GER"]
[SourceTitle "EXT 2006"]
[Source "ChessBase"]
[SourceDate "2005.11.24"]
[SourceVersion "1"]
[SourceVersionDate "2005.11.24"]
[SourceQuality "1"]

1. e4 e6 2. d3 d5 3. Nd2 c5 4. Ngf3 Nc6 5. g3 g6 6. Bg2 Bg7 7. 0-0 Nge7 8. Nh4 g5 9. Nhf3 h6 10. exd5 exd5 11. Nb3 b6 12. Re1 Be6 13. c3 Qd7 14. d4 c4 15. Nbd2 0-0-0 16. b3 Ng6 17. Nf1 g4 18. N3d2 Nxd4 19. cxd4 Bxd4 20. Ba3 Bxa1 21. Qxa1 Kb8 22. bxc4 dxc4 23. Ne4 Qc7 24. Rd1 Rxd1 25. Qxd1 Qd7 26. Bd6+ Kc8 27. Nf6 Qb5 28. a4 Qb3 29. Qe2 Qd3 30. Qxd3 cxd3 31. Bb4 a5 32. Bc3 Rd8 33. Bc6 Ne7 34. Bb5 Kb7 35. Nd2 Nd5 36. Nxd5 Rxd5 37. Bg7 h5 38. Bf8 Kc7 39. Kg2 Bd7 40. Bc4 Re5 41. Bh6 Re1 42. Bf4+ Kd8 43. Bxd3 Bxa4 44. f3 Bc6 45. Kf2 Rh1 46. fxg4 Rxh2+ 47. Ke3 hxg4 48. Nc4 a4 49. Nxb6 a3 50. Be5 a2 51. Bc4 Bf3 52. Kf4 Ke7 53. Nd5+ Bxd5 54. Bxd5 f5 55. Bg7 Kd6 56. Bc4 Rf2+ 57. Kg5 Kc5 1/2-1/2